[Event "Znojemska Rotunda 2007"]
[Site "?"]
[Date "2007.08.21"]
[Round "5.5"]
[White "Valenta, Petr"]
[Black "Chalupa, Ivan"]
[Result "0-1"]
[WhiteElo "1863"]
[BlackElo "2168"]
[PlyCount "72"]
[EventDate "2007.08.18"]

1. c4 b6 2. Nc3 Bb7 3. e4 c5 4. d3 d6 5. Be2 g6 6. Be3 Nc6 7. Qd2 Bg7 8. f4 e6
9. Bf3 Nd4 10. Bd1 Ne7 11. Nce2 Nxe2 12. Bxe2 d5 13. Qc2 f5 14. O-O-O Qc7 15.
Bf3 (15. Bf2 O-O-O 16. e5 d4) 15... O-O-O 16. e5 d4 17. Bd2 g5 18. g3 g4 19.
Bxb7+ Qxb7 20. Ne2 h5 21. b4 Qa6 (21... Qc6 22. Qb3 Ng6 23. Kc2 Bf8 24. a4 h4
25. a5 cxb4 26. Bxb4 Bxb4 27. Qxb4 bxa5 28. Qxa5) 22. Qb3 Ng6 23. Kc2 Bf8 24.
a4 h4 25. a5 cxb4 26. Bxb4 Bxb4 27. Qxb4 Qxa5 28. Qxa5 bxa5 29. Kb3 Ne7 30. Ka4
Kc7 31. Kxa5 Kc6 32. Nc1 Rb8 33. Ka4 Rb2 34. gxh4 Rhb8 35. h5 R2b6 36. Ka5 Kc5
0-1

[Event "Znojemska Rotunda 2007"]
[Site "?"]
[Date "2007.08.21"]
[Round "5.6"]
[White "Slacky, Stanislav"]
[Black "Simecek, Josef"]
[Result "1-0"]
[WhiteElo "2110"]
[BlackElo "1459"]
[PlyCount "73"]
[EventDate "2007.08.18"]

1. d4 Nf6 2. c4 e6 3. g3 d5 4. Bg2 b6 5. Nf3 Bb7 6. O-O Nbd7 7. cxd5 Bxd5 8.
Nc3 Bb7 9. Qc2 a6 10. e4 Bb4 11. Re1 (11. Ne5 Nxe5) 11... O-O 12. Bg5 Be7 13.
Rad1 h6 14. Bf4 Bb4 15. Ne5 Nxe5 16. Bxe5 Qe7 17. d5 Bd6 18. Bxf6 gxf6 19. dxe6
Rab8 20. exf7+ Qxf7 21. Nd5 Rfe8 22. Ne3 Bc8 23. Kh1 Be6 24. b3 Bb4 25. Re2
Rbd8 26. f4 Rxd1+ 27. Qxd1 Qe7 28. Nd5 Bxd5 29. Qxd5+ Qe6 30. Qxe6+ Rxe6 31.
Rc2 Rd6 32. Bf3 Bc5 33. Kg2 Kf7 34. Kh3 Rd7 35. Bh5+ Kg7 36. Kg4 Re7 37. Kf5
1-0

[Event "Znojemska Rotunda 2007"]
[Site "?"]
[Date "2007.08.21"]
[Round "5.7"]
[White "Jurica, Peter"]
[Black "Vavrousek, Petr"]
[Result "1-0"]
[WhiteElo "2129"]
[BlackElo "1801"]
[PlyCount "61"]
[EventDate "2007.08.18"]

1. Nf3 d5 2. d4 Nf6 3. c4 c6 4. Nc3 e6 5. Bg5 dxc4 6. g3 Bb4 7. Bg2 Nbd7 8. O-O
Qa5 9. Qc2 O-O 10. e4 h6 11. Bd2 Qh5 12. e5 Ne8 13. Nh4 f5 14. exf6 Nexf6 15.
Rae1 Re8 16. f4 a5 17. Re5 Nxe5 18. fxe5 Nd7 19. Bf3 (19. Ng6 Qh4 20. gxh4)
19... Qf7 20. Be4 Qxf1+ (20... Qh5 21. Bh7+ Kh8 22. Ng6+ Kxh7 23. Nf4+ Kg8 24.
Nxh5) 21. Kxf1 Rf8+ 22. Kg2 c5 23. Bh7+ Kh8 24. Ng6+ Kxh7 25. Nxf8+ Kg8 26.
Nxe6 Nb6 27. Nc7 cxd4 28. Nxa8 d3 29. Qc1 (29. Nxb6 dxc2 30. Nxc8 Bxc3 31. bxc3
) 29... Bg4 30. h3 Bf3+ 31. Kxf3 1-0

[Event "Znojemska Rotunda 2007"]
[Site "?"]
[Date "2007.08.21"]
[Round "5.8"]
[White "Blazek, Milos"]
[Black "Dungl, Petr"]
[Result "1-0"]
[WhiteElo "2095"]
[BlackElo "1785"]
[PlyCount "53"]
[EventDate "2007.08.18"]

1. e4 c5 2. Nf3 a6 3. c4 e6 4. Nc3 Nc6 5. d4 cxd4 6. Nxd4 Bc5 7. Nc2 Nf6 8. Be2
h6 9. O-O O-O 10. Kh1 e5 11. f4 exf4 12. Bxf4 Re8 13. Nd5 Nxd5 14. exd5 Ne5 15.
b4 Bf8 16. d6 g5 17. Bg3 Bg7 18. Qd5 Kh8 19. Bh5 Re6 20. Nd4 Nc6 21. Nxe6 fxe6
22. Qd1 b5 23. Rf7 Bb7 24. Qd3 Qg8 25. Raf1 Nxb4 26. Qg6 bxc4 27. Be5 1-0

[Event "Znojemska Rotunda 2007"]
[Site "?"]
[Date "2007.08.21"]
[Round "5.9"]
[White "Chlapecka, Adam"]
[Black "Fojtik, Tomas"]
[Result "0-1"]
[WhiteElo "1493"]
[BlackElo "2071"]
[PlyCount "82"]
[EventDate "2007.08.18"]

1. e4 e6 2. d4 d5 3. e5 c5 4. c3 Ne7 5. Nf3 Nec6 6. Bd3 Nd7 7. O-O Be7 8. Re1
Qb6 9. Nbd2 cxd4 10. cxd4 Nxd4 11. Nxd4 Qxd4 12. Nf3 Qb6 13. Qa4 Qb4 14. Qd1
O-O 15. a3 Qb6 16. Ng5 h6 17. Qh5 f5 18. Nh3 Qd4 19. Rd1 Qg4 20. Qxg4 fxg4 21.
Nf4 Nxe5 22. Bc2 g5 23. Ne2 Bd7 24. Be3 Kf7 25. Rac1 Nc6 26. b4 a6 27. Nc3 Ne5
28. Bd4 Nc4 29. Ra1 Rac8 30. Bd3 Bf6 31. Bxf6 Kxf6 32. Rac1 Nb2 33. Rd2 Nxd3
34. Rxd3 Rc4 35. Rcd1 Bc6 36. Rg3 h5 37. h3 gxh3 38. Rxh3 Kg6 39. Re1 Bd7 40.
Na4 Bxa4 41. Rxe6+ Rf6 0-1

[Event "Znojemska Rotunda 2007"]
[Site "?"]
[Date "2007.08.21"]
[Round "5.10"]
[White "Jadud, Oto"]
[Black "Havel, Vojtech"]
[Result "1-0"]
[WhiteElo "2004"]
[BlackElo "1661"]
[PlyCount "53"]
[EventDate "2007.08.18"]

1. e4 e5 2. f4 d6 3. Nf3 Nd7 4. Bc4 Be7 5. O-O Ngf6 6. Bxf7+ Kxf7 7. Ng5+ Kg8
8. Ne6 Qe8 9. Nxc7 Qg6 10. f5 Qh6 11. d3 Qh4 12. Nxa8 g5 13. Nd2 g4 14. Nc7 Nh5
15. c3 Nc5 16. Nc4 b5 17. Nxb5 Ba6 18. Nc7 Bxc4 19. dxc4 g3 20. h3 Nf6 21. Nd5
Nxd5 22. Qxd5+ Kg7 23. f6+ Bxf6 24. Qxd6 Nxe4 25. Qd7+ Kf8 26. Be3 Rg8 27. Rad1
1-0

[Event "Znojemska Rotunda 2007"]
[Site "?"]
[Date "2007.08.21"]
[Round "5.11"]
[White "Kyselka, Daniel"]
[Black "Hemala, Lubos"]
[Result "0-1"]
[WhiteElo "1662"]
[BlackElo "1653"]
[PlyCount "59"]
[EventDate "2007.08.18"]

1. d4 d5 2. c4 e6 3. Nc3 Nf6 4. Bg5 Be7 5. e3 b6 6. Nf3 Bb7 7. Rc1 Nbd7 8. Bd3
dxc4 9. Bxc4 O-O 10. O-O h6 11. Bh4 Re8 12. Qe2 Nf8 13. Ne5 a6 14. Rfd1 Bd6 15.
f4 N8h7 16. f5 Ng5 17. Bxg5 hxg5 18. fxe6 fxe6 19. e4 b5 20. Bd3 b4 21. Na4
Bxe5 22. dxe5 Qd4+ 23. Kh1 Qxe5 24. Rc5 Qf4 25. Rf1 Qh4 26. Rxc7 Bxe4 27. Bxe4
Nxe4 28. Qf3 Rf8 29. Rf7 Ng3+ 30. Kg1 0-1

[Event "Znojemska Rotunda 2007"]
[Site "?"]
[Date "2007.08.21"]
[Round "5.13"]
[White "Rysavy, Jan"]
[Black "Holik, Jakub"]
[Result "1-0"]
[WhiteElo "1601"]
[BlackElo "1451"]
[PlyCount "57"]
[EventDate "2007.08.18"]

1. e4 c5 2. Nf3 Nc6 3. d4 cxd4 4. Nxd4 e5 5. Nb5 d6 6. Be3 Nf6 7. N1c3 a6 8.
Na3 b5 9. Nd5 Nxe4 10. Bb6 Qd7 11. Nc7+ Ke7 12. Nxa8 Qb7 13. Nc7 Be6 14. Nd5+
Bxd5 15. Qxd5 Nf6 16. Qd3 Qxb6 17. Rd1 Kd7 18. Be2 Nb4 19. Qb3 Nbd5 20. c4 Qa5+
21. Kf1 bxc4 22. Bxc4 Kc6 23. Bxd5+ Nxd5 24. Qc4+ Qc5 25. Qxa6+ Kd7 26. Qb7+
Ke6 27. Qb3 Be7 28. Nc2 Ra8 29. Ne3 1-0

[Event "Znojemska Rotunda 2007"]
[Site "?"]
[Date "2007.08.21"]
[Round "5.14"]
[White "Molik, Zdenek"]
[Black "Mikulu, Lukas"]
[Result "0-1"]
[WhiteElo "1617"]
[BlackElo "1608"]
[PlyCount "90"]
[EventDate "2007.08.18"]

1. e4 e5 2. Nf3 Nc6 3. Bc4 Nf6 4. Nc3 Bc5 5. d3 d6 6. h3 Qe7 7. Bg5 h6 8. Nd5
Qd8 9. Be3 Nxd5 10. Bxc5 Nf4 11. Be3 Nxg2+ 12. Kd2 Nxe3 13. fxe3 Qe7 14. Qe2
Be6 15. Bb3 O-O-O 16. Rag1 g5 17. Qf2 Rhg8 18. c4 f5 19. exf5 Bxf5 20. e4 Be6
21. Qe3 Rdf8 22. Bd1 Qd7 23. Rg3 Kb8 24. a3 Ne7 25. b4 Ng6 26. Ng1 Nf4 27. b5
h5 28. h4 g4 29. a4 Qd8 30. Kc3 c6 31. Kb4 c5+ 32. Kb3 Qa5 33. Rh2 a6 34. Qd2
Qxd2 35. Rxd2 Ng6 36. Nf3 gxf3 37. Bxf3 Nf4 38. Rg5 Rxg5 39. hxg5 Rg8 40. Rh2
Rxg5 41. Kc3 Bg4 42. Bxg4 Rxg4 43. b6 h4 44. a5 h3 45. Rf2 Rg2 0-1

[Event "Znojemska Rotunda 2007"]
[Site "?"]
[Date "2007.08.22"]
[Round "6.1"]
[White "Horak, Karel jun"]
[Black "Docekal, Jan"]
[Result "1-0"]
[WhiteElo "1943"]
[BlackElo "2209"]
[PlyCount "57"]
[EventDate "2007.08.18"]

1. e4 d6 2. d4 Nf6 3. Nc3 g6 4. Nf3 Bg7 5. Be3 c6 6. Qd2 Qc7 7. Bh6 Bxh6 8.
Qxh6 b5 9. Bd3 a6 10. h3 Nbd7 11. O-O-O Bb7 (11... e5 12. dxe5 dxe5 13. Ng5)
12. e5 dxe5 13. dxe5 Nxe5 14. Nxe5 Qxe5 15. Rhe1 Qc7 16. Bf5 Nd5 17. Qg7 Rf8
18. Bg4 f5 19. Nxd5 cxd5 20. Bf3 Rd8 21. Rd2 Rd7 22. Rde2 Qf4+ 23. Kb1 Qg5 24.
Re6 Rc7 25. Bh5 Bc8 (25... f4 26. R1e5 Qh4 27. Rxg6) (25... Rf7 26. Qe5 Kd8 27.
Rd6+ Kc8 28. Qe6+) 26. f4 Qh4 27. g3 Rf7 28. Qh8+ Rf8 29. Qe5 1-0

[Event "Znojemska Rotunda 2007"]
[Site "?"]
[Date "2007.08.22"]
[Round "6.2"]
[White "Babczynski, Marcel"]
[Black "Dvorak, Libor"]
[Result "1/2-1/2"]
[WhiteElo "1942"]
[BlackElo "2082"]
[PlyCount "32"]
[EventDate "2007.08.18"]

1. e4 c5 2. Nf3 d6 3. Bb5+ Bd7 4. Bxd7+ Qxd7 5. O-O Nc6 6. c3 Nf6 7. Qe2 g6 8.
d4 Bg7 9. Rd1 cxd4 10. cxd4 Qc7 11. Nc3 O-O 12. Bg5 h6 13. Bxf6 Bxf6 14. Nd5
Qa5 15. Nxf6+ exf6 16. Qd2 Qxd2 1/2-1/2

[Event "Znojemska Rotunda 2007"]
[Site "?"]
[Date "2007.08.22"]
[Round "6.3"]
[White "Chalupa, Ivan"]
[Black "Slacky, Stanislav"]
[Result "0-1"]
[WhiteElo "2170"]
[BlackElo "2112"]
[PlyCount "70"]
[EventDate "2007.08.18"]

1. e4 Nc6 2. Nf3 Nf6 3. e5 Nd5 4. d4 d6 5. exd6 cxd6 6. Be2 g6 7. c4 Nb6 8. Be3
Bg7 9. Nc3 O-O 10. d5 Ne5 11. Bd4 Nxf3+ 12. gxf3 Bf5 13. Bxg7 Kxg7 14. Qd4+ f6
15. h4 Nd7 16. f4 Qb6 17. Qxb6 Nxb6 18. Kd2 Rac8 19. b3 a6 20. Bd3 Bxd3 21.
Kxd3 Nd7 22. Rae1 Rfe8 23. Kd4 f5 24. h5 Nf6 25. hxg6 hxg6 26. Rh4 Kf7 27. Reh1
Nh5 28. Ne2 b5 29. Ng3 Nf6 30. Rb1 Rc5 31. Rc1 Rec8 32. Rhh1 Nxd5 33. Rh7+ Kf6
34. Re1 bxc4 35. b4 Nxb4 0-1

[Event "Znojemska Rotunda 2007"]
[Site "?"]
[Date "2007.08.22"]
[Round "6.4"]
[White "Jostic, Peter"]
[Black "Snorek, Milan"]
[Result "0-1"]
[WhiteElo "1612"]
[BlackElo "2161"]
[PlyCount "66"]
[EventDate "2007.08.18"]

1. e4 e5 2. Nf3 Nf6 3. Nxe5 d6 4. Nxf7 Kxf7 5. d4 Be7 6. Nc3 Re8 7. Bc4+ Be6 8.
Bxe6+ Kxe6 9. Qe2 Kd7 10. e5 Bf8 11. O-O Kc8 12. Bg5 Nc6 13. Rad1 Qd7 14. f4
dxe5 15. fxe5 h6 16. Bxf6 gxf6 17. Rxf6 Nxd4 18. Qc4 b5 19. e6 Qc6 20. Qxc6
Nxc6 21. Kf2 Ne5 22. Kg3 Bg7 23. Rf5 Rxe6 24. Nxb5 Kb7 25. Nd4 Rd6 26. b4 a5
27. a3 axb4 28. axb4 Ra3+ 29. Kf4 Ng6+ 30. Ke4 Rc3 31. Rf3 Rxc2 32. Nxc2 Rxd1
33. Ne3 Rd4+ 0-1

[Event "Znojemska Rotunda 2007"]
[Site "?"]
[Date "2007.08.22"]
[Round "6.5"]
[White "Fojtik, Tomas"]
[Black "Jurica, Peter"]
[Result "0-1"]
[WhiteElo "2069"]
[BlackElo "2115"]
[PlyCount "108"]
[EventDate "2007.08.18"]

1. d4 g6 2. c4 f5 3. g3 Bg7 4. Bg2 Nf6 5. Nc3 O-O 6. Nh3 d6 7. d5 c6 8. Nf4 Bd7
9. O-O Na6 10. e4 fxe4 11. Nxe4 Nxe4 12. Bxe4 Nc5 13. Bg2 Qb6 14. Qe2 Rae8 15.
Be3 Qxb2 16. Qxb2 Bxb2 17. Rab1 Na4 18. Nd3 Bg7 19. Rxb7 Bf5 20. Nf4 c5 21.
Rxa7 Nb2 22. Rc1 Bf6 23. Ne6 Bxe6 24. dxe6 Rb8 25. Bd5 Rb6 26. Rc2 Nd3 27. Re2
g5 28. h3 h5 29. a4 g4 30. Kh2 Rb1 31. Be4 Rd1 32. Ra2 Ne5 33. Bd5 Nf3+ 34.
Bxf3 gxf3 35. Rb7 h4 36. Rb3 Be5 37. a5 Kh8 38. a6 Rg8 39. Bf4 Bxf4 40. Rxf3
hxg3+ 41. fxg3 Rd2+ 42. Rxd2 Bxd2 43. Rf7 Bg5 44. h4 Bf6 45. Kh3 Ra8 46. g4
Rxa6 47. g5 Bd4 48. Rxe7 Ra3+ 49. Kg4 Re3 50. Kf5 Kg8 51. Re8+ Kg7 52. h5 Re5+
53. Kg4 Re4+ 54. Kf5 Re5+ 0-1

[Event "Znojemska Rotunda 2007"]
[Site "?"]
[Date "2007.08.22"]
[Round "6.6"]
[White "Blazek, Milos"]
[Black "Jadud, Oto"]
[Result "0-1"]
[WhiteElo "2092"]
[BlackElo "1977"]
[PlyCount "110"]
[EventDate "2007.08.18"]

1. e4 c5 2. Nf3 Nc6 3. Bb5 d6 4. d4 cxd4 5. Qxd4 Bd7 6. Bxc6 bxc6 7. c4 c5 8.
Qd3 Bc6 9. O-O e6 10. Nc3 Be7 11. Bf4 e5 12. Be3 Nf6 13. Rad1 Qb6 14. b3 O-O
15. h3 a5 16. Nd2 a4 17. f4 axb3 18. axb3 Ra3 19. fxe5 dxe5 20. Bg5 Bb7 21.
Bxf6 Bxf6 22. Nd5 Bxd5 23. exd5 Bg5 24. Rf3 g6 25. Ne4 Bd8 26. d6 Qc6 27. Qd5
Qxd5 28. Rxd5 f5 29. Nxc5 e4 30. Rf1 Bb6 31. Kh2 Bxc5 32. Rxc5 Rxb3 33. Rd1 Kf7
34. Rc7+ Ke6 35. Kg1 Rd3 36. Rc1 Kxd6 37. Rxh7 Ke5 38. c5 Rfd8 39. c6 Rd1+ 40.
Rxd1 Rxd1+ 41. Kf2 Rc1 42. c7 Rc2+ 43. Kf1 Kf4 44. Rg7 g5 45. Rf7 Ke3 46. g3 f4
47. h4 f3 48. Kg1 Rc1+ 49. Kh2 Ke2 50. hxg5 f2 51. g6 Rxc7 52. Rxc7 f1=Q 53. g7
Qf2+ 54. Kh1 Qxg3 55. Rc2+ Kf3 0-1

[Event "Znojemska Rotunda 2007"]
[Site "?"]
[Date "2007.08.22"]
[Round "6.7"]
[White "Petlak, Josef"]
[Black "Horak, Karel sen"]
[Result "1/2-1/2"]
[WhiteElo "2014"]
[BlackElo "1786"]
[PlyCount "125"]
[EventDate "2007.08.18"]

1. d4 Nf6 2. Bg5 Ne4 3. Bh4 d5 4. f3 Nd6 5. e3 g6 6. Bd3 Bg7 7. Ne2 c5 8. c3
Qb6 9. Qc1 Bf5 10. Bxf5 Nxf5 11. Bf2 Bh6 12. g4 Nd6 13. h4 cxd4 14. Nxd4 Nd7
15. g5 Bg7 16. Nd2 h6 17. gxh6 Bxh6 18. Qc2 Ne5 19. O-O-O Rc8 20. f4 Nec4 21.
h5 g5 22. Nf5 Nxf5 23. Nxc4 Qe6 24. Ne5 g4 25. Rhe1 g3 26. Bg1 Nd6 27. Qb3 Bg7
28. Rxd5 Bxe5 29. fxe5 Rxh5 30. e4 Rxe5 31. Qa4+ Kf8 32. Rxe5 Qxe5 33. Qd7
Rxc3+ 34. Kb1 Rd3 35. Be3 Qf6 36. Qh3 Ke8 37. Qxg3 Nc4 38. Qg8+ Kd7 39. Qg4+ e6
40. e5 Nxe5 41. Qe4 Qf5 42. Qxf5 exf5 43. Bxa7 Nc6 44. Bb6 Rd5 45. a3 Re5 46.
Rf1 Ke6 47. Kc2 Ne7 48. Rf2 Nd5 49. Ba7 Re4 50. Kd2 Ne7 51. Bb8 Nc6 52. Bf4 Ne5
53. Bxe5 Kxe5 54. Rf3 Rd4+ 55. Ke2 f4 56. b3 f5 57. a4 b6 58. Rc3 Ke4 59. Rc6
f3+ 60. Ke1 Ke3 61. Rc3+ Rd3 62. Rxd3+ Kxd3 63. b4 1/2-1/2

[Event "Znojemska Rotunda 2007"]
[Site "?"]
[Date "2007.08.22"]
[Round "6.8"]
[White "Simecek, Josef"]
[Black "Valenta, Petr"]
[Result "1-0"]
[WhiteElo "1459"]
[BlackElo "1937"]
[PlyCount "52"]
[EventDate "2007.08.18"]

1. d4 g6 2. c4 d6 3. Nc3 Bg7 4. e4 c6 5. Nf3 Bg4 6. Be2 Nd7 7. Be3 e6 8. h3
Bxf3 9. Bxf3 Ne7 10. O-O O-O 11. Be2 f5 12. f3 Qc7 13. Qd2 Rf7 14. Rad1 Raf8
15. b4 f4 16. Bf2 d5 17. cxd5 cxd5 18. Nb5 Qb8 19. e5 Nc8 20. Rc1 Ndb6 21. Qc2
Bh6 22. a4 a6 23. Na3 Na7 24. b5 axb5 25. Nxb5 Nxb5 26. Bxb5 Rc7 1-0

[Event "Znojemska Rotunda 2007"]
[Site "?"]
[Date "2007.08.22"]
[Round "6.10"]
[White "Vavrousek, Petr"]
[Black "Rysavy, Jan"]
[Result "0-1"]
[WhiteElo "1887"]
[BlackElo "1601"]
[PlyCount "66"]
[EventDate "2007.08.18"]

1. e4 c5 2. Nf3 d6 3. d4 cxd4 4. Nxd4 Nf6 5. Nc3 g6 6. Be2 Bg7 7. O-O O-O 8.
Nb3 Nc6 9. Bg5 Bd7 10. Kh1 a6 11. f4 Re8 12. f5 Ne5 13. fxg6 hxg6 14. Rf4 Nh7
15. h4 f6 16. Qd5+ Nf7 17. Nd4 Rf8 18. h5 gxh5 19. Bh4 Rc8 20. Ne6 Bxe6 21.
Qxe6 Kh8 22. Bxh5 Nhg5 23. Qb3 Bh6 24. Rff1 Qd7 25. Bg6 Qg4 26. Bxg5 Nxg5 27.
Bf5 Qh4+ 28. Kg1 Rg8 29. Nd5 Rxc2 30. Nf4 Nf3+ 31. Qxf3 Bxf4 32. Bh3 Rg3 33.
Qxf4 Qxh3 0-1

[Event "Znojemska Rotunda 2007"]
[Site "?"]
[Date "2007.08.22"]
[Round "6.11"]
[White "Dungl, Petr"]
[Black "Chlapecka, Adam"]
[Result "1-0"]
[WhiteElo "1785"]
[BlackElo "1493"]
[PlyCount "55"]
[EventDate "2007.08.18"]

1. d4 Nf6 2. Nf3 g6 3. c4 Bg7 4. Nc3 O-O 5. Bg5 d6 6. e3 Nbd7 7. Qc2 e5 8. Rd1
Qe8 9. Nb5 Qd8 10. dxe5 dxe5 11. Nxe5 a6 12. Nc3 h6 13. Bh4 g5 14. Bg3 Nh5 15.
Nxd7 Bxd7 16. Be2 Nxg3 17. hxg3 Re8 18. Bg4 Bxg4 19. Rxd8 Raxd8 20. O-O Rd7 21.
f3 Bh5 22. Rd1 Red8 23. Rxd7 Rxd7 24. Qf5 Rd2 25. Qc8+ Kh7 26. Qxb7 Bxc3 27.
bxc3 Rxa2 28. Qb1+ 1-0

[Event "Znojemska Rotunda 2007"]
[Site "?"]
[Date "2007.08.22"]
[Round "6.12"]
[White "Mikulu, Lukas"]
[Black "Kyselka, Daniel"]
[Result "1-0"]
[WhiteElo "1608"]
[BlackElo "1662"]
[PlyCount "59"]
[EventDate "2007.08.18"]

1. e4 e6 2. d4 d5 3. Nd2 Be7 4. Bd3 c5 5. Ngf3 Nf6 6. e5 Nfd7 7. c3 Nc6 8. b3
Qb6 9. Bb2 cxd4 10. cxd4 a5 11. a3 g5 12. h3 Nf8 13. Nf1 Bd7 14. Ne3 h5 15. Rb1
O-O-O 16. Qc2 Rg8 17. g4 h4 18. O-O Kb8 19. Rfc1 Rc8 20. Qd2 f6 21. b4 axb4 22.
axb4 fxe5 23. dxe5 Ng6 24. b5 Nd8 25. Rxc8+ Bxc8 26. Ra1 Bc5 27. Bc3 d4 28. Ba5
dxe3 29. Qc2 exf2+ 30. Kf1 1-0

[Event "Znojemska Rotunda 2007"]
[Site "?"]
[Date "2007.08.22"]
[Round "6.13"]
[White "Havel, Vojtech"]
[Black "Bastyr, Pavel"]
[Result "1-0"]
[WhiteElo "1661"]
[BlackElo "1569"]
[PlyCount "85"]
[EventDate "2007.08.18"]

1. d4 Nf6 2. c4 e6 3. Bg5 Bb4+ 4. Nd2 Ne4 5. Bf4 Qf6 6. f3 Qxf4 7. fxe4 Qh4+ 8.
g3 Qxe4 9. Ngf3 Nc6 10. a3 Bxd2+ 11. Qxd2 b6 12. Kf2 Na5 13. Qc3 O-O 14. Bg2
Bb7 15. h4 Rae8 16. h5 h6 17. Nh4 Qg4 18. Bxb7 Nxb7 19. Nf3 Qf5 20. Rh4 Nd6 21.
Kg2 Qf6 22. Rf4 Qe7 23. Rf1 c5 24. e3 cxd4 25. exd4 Rc8 26. b3 Nb5 27. Qe3 Nxa3
28. Ne5 d6 29. Nxf7 Rxf7 30. Rxf7 Qxf7 31. Rxf7 Kxf7 32. Qf3+ Kg8 33. Qb7 Rf8
34. Qe7 Nc2 35. Qxe6+ Kh8 36. Qxd6 Ne3+ 37. Kh3 Rf1 38. Qc6 Rf8 39. d5 Nf5 40.
d6 Nd4 41. Qd5 Nxb3 42. d7 Rd8 43. Qf7 1-0

[Event "Znojemska Rotunda 2007"]
[Site "?"]
[Date "2007.08.22"]
[Round "6.15"]
[White "Holik, Jakub"]
[Black "Molik, Zdenek"]
[Result "1/2-1/2"]
[WhiteElo "1451"]
[BlackElo "1617"]
[PlyCount "105"]
[EventDate "2007.08.18"]

1. d4 d5 2. c4 e6 3. Nc3 Nf6 4. Bg5 Be7 5. e3 O-O 6. Nf3 Nbd7 7. Be2 c6 8. O-O
dxc4 9. Bxc4 Nd5 10. Bxe7 Qxe7 11. e4 Nxc3 12. bxc3 Rd8 13. Qc2 b6 14. Nd2 Bb7
15. f4 c5 16. f5 exf5 17. Rxf5 Rf8 18. Raf1 Nf6 19. d5 Bc8 20. R5f3 Bg4 21. Re3
Bh5 22. h3 Bg6 23. Rfe1 Rad8 24. Qb3 Qb7 25. Bd3 Rfe8 26. c4 Qc7 27. e5 Bxd3
28. Qxd3 Nd7 29. e6 fxe6 30. Rxe6 Rxe6 31. dxe6 Nf6 32. Qe3 Qe7 33. Nf3 Ne8 34.
Qa3 Rd6 35. Qa4 Rxe6 36. Rxe6 Qxe6 37. Qxa7 h6 38. Qa8 Kf7 39. Qa6 g5 40. Kf2
Nf6 41. Qb7+ Kg6 42. Nd2 h5 43. Qf3 h4 44. Qd3+ Qf5+ 45. Qxf5+ Kxf5 46. Kf3 Nd7
47. a4 Ne5+ 48. Ke3 g4 49. hxg4+ Nxg4+ 50. Kf3 Ne5+ 51. Ke3 Nd7 52. Kf3 Nb8 53.
Ne4 1/2-1/2

[Event "Znojemska Rotunda 2007"]
[Site "?"]
[Date "2007.08.23"]
[Round "7.1"]
[White "Docekal, Jan"]
[Black "Snorek, Milan"]
[Result "0-1"]
[WhiteElo "2197"]
[BlackElo "2152"]
[PlyCount "74"]
[EventDate "2007.08.18"]

1. e4 e5 2. Nc3 Nf6 3. f4 d5 4. fxe5 Nxe4 5. Nf3 Be7 6. d3 Nxc3 7. bxc3 c5 8.
Be2 O-O 9. O-O Nc6 10. Qe1 f6 11. d4 cxd4 12. cxd4 Qb6 13. exf6 Bxf6 14. c3 Bf5
15. Qd1 Rae8 16. Kh1 Be4 17. Bd3 Qc7 18. Ba3 Be7 19. Bxe4 dxe4 20. Qb3+ Kh8 21.
Ng5 Rxf1+ 22. Rxf1 Bxg5 23. d5 Ne5 24. Qa4 Qd7 25. Qxe4 h6 26. h4 Bf6 27. Re1
Rc8 28. d6 Rc4 29. Qd5 Rxh4+ 30. Kg1 Rh5 31. Rb1 b6 32. Rf1 Rg5 33. Bc1 Rg4 34.
Bxh6 Qc6 35. Qxc6 Nxc6 36. Bf4 Kg8 37. Kh2 Rxf4 0-1

[Event "Znojemska Rotunda 2007"]
[Site "?"]
[Date "2007.08.23"]
[Round "7.2"]
[White "Dvorak, Libor"]
[Black "Horak, Karel jun"]
[Result "1-0"]
[WhiteElo "2078"]
[BlackElo "1873"]
[PlyCount "43"]
[EventDate "2007.08.18"]

1. Nf3 Nf6 2. g3 b5 3. Bg2 Bb7 4. b3 e6 5. Bb2 c5 6. c4 bxc4 7. bxc4 Nc6 8. O-O
d5 9. cxd5 exd5 10. Qa4 Be7 11. d4 Qb6 12. Nbd2 Qa6 13. Qxa6 Bxa6 14. dxc5 Bxe2
15. Rfe1 Bxf3 16. Nxf3 Kd7 17. Ne5+ Nxe5 18. Bxe5 Bxc5 19. Rac1 Rac8 20. Bh3+
Kc6 21. Bxc8 Rxc8 22. Rxc5+ 1-0

[Event "Znojemska Rotunda 2007"]
[Site "?"]
[Date "2007.08.23"]
[Round "7.3"]
[White "Slacky, Stanislav"]
[Black "Jadud, Oto"]
[Result "1-0"]
[WhiteElo "2110"]
[BlackElo "2004"]
[PlyCount "67"]
[EventDate "2007.08.18"]

1. d4 Nf6 2. Nf3 d5 3. g3 e6 4. Bg2 c5 5. e3 Nc6 6. O-O cxd4 7. exd4 Be7 8. Bf4
O-O 9. c3 Bd7 10. Nbd2 Rc8 11. Qe2 Qb6 12. Rfb1 Na5 13. Ne5 Bb5 14. Qe3 Nh5 15.
b4 Nc4 16. Ndxc4 dxc4 17. a4 Nxf4 18. Qxf4 Be8 19. Qe3 f6 20. Nf3 Bg6 21. Re1
Bxb4 22. cxb4 Qxb4 23. Bh3 Rfe8 24. Bxe6+ Kh8 25. Qa3 Qxa3 26. Rxa3 Rc6 27. d5
Rb6 28. Rc3 Rb3 29. Rec1 a6 30. Rxc4 Rxf3 31. Rc8 h5 32. Rxe8+ Bxe8 33. Rc8 Kh7
34. Rxe8 1-0

[Event "Znojemska Rotunda 2007"]
[Site "?"]
[Date "2007.08.23"]
[Round "7.4"]
[White "Chalupa, Ivan"]
[Black "Babczynski, Marcel"]
[Result "1/2-1/2"]
[WhiteElo "2168"]
[BlackElo "1942"]
[PlyCount "84"]
[EventDate "2007.08.18"]

1. e4 e5 2. Nf3 Nc6 3. Bb5 f5 4. Nc3 fxe4 5. Nxe4 d5 6. Nxe5 dxe4 7. Nxc6 Qg5
8. Qe2 Nf6 9. f4 Qxf4 10. d4 Qh4+ 11. g3 Qh3 12. Bg5 a6 13. Ba4 b5 14. Bxf6
gxf6 15. Qxe4+ Kd7 16. Ne5+ fxe5 17. Qxa8 bxa4 18. O-O-O exd4 19. Rxd4+ Bd6 20.
Rhd1 Rf8 21. Rxa4 Rf1 22. Qd5 Rxd1+ 23. Qxd1 Qxh2 24. Rh4 Qxg3 25. Rxh7+ Kc6
26. Qh1+ Kb6 27. Rh8 Bb7 28. Qd1 Qe3+ 29. Kb1 Bf3 30. Qc1 Qxc1+ 31. Kxc1 Bf4+
32. Kb1 Bd5 33. Rh4 Bd6 34. Rh5 c6 35. Rh8 a5 36. Ra8 Kb5 37. Ra7 a4 38. b3 a3
39. Rd7 Bb4 40. c4+ Bxc4 41. bxc4+ Kxc4 42. Kc2 Bc5 1/2-1/2

[Event "Znojemska Rotunda 2007"]
[Site "?"]
[Date "2007.08.23"]
[Round "7.5"]
[White "Jurica, Peter"]
[Black "Petlak, Josef"]
[Result "1-0"]
[WhiteElo "2129"]
[BlackElo "2009"]
[PlyCount "125"]
[EventDate "2007.08.18"]

1. Nf3 d5 2. g3 Nf6 3. Bg2 e6 4. O-O b6 5. c4 c6 6. b3 Be7 7. Bb2 O-O 8. d3 Bb7
9. Nbd2 c5 10. cxd5 exd5 11. d4 Na6 12. Ne5 Nd7 13. Ndf3 f6 14. Nd3 Bd6 15. e3
Qe7 16. Nh4 g6 17. Nf3 Rac8 18. Rc1 Rc7 19. dxc5 bxc5 20. Nf4 Bxf4 21. gxf4 Qe6
22. h4 h5 23. Kh2 Rf7 24. Bh3 Qd6 25. Rg1 Rg7 26. Rg3 Nf8 27. Nd2 Qe7 28. f5
Nb4 29. Qe2 Ba6 30. Qf3 Qd6 31. fxg6 Rc6 32. Bf5 Nd3 33. Bxd3 Bxd3 34. e4 Bxe4
35. Nxe4 dxe4 36. Qxe4 Rxg6 37. Rcg1 Rxg3 38. Rxg3+ Kf7 39. Kg2 Ra6 40. Qf5
Rxa2 41. Qxh5+ Ke7 42. Re3+ Kd7 43. Qf7+ Kc6 44. Bxf6 Qd5+ 45. Qxd5+ Kxd5 46.
h5 Ra6 47. Re5+ Kd6 48. Bg7 Nh7 49. h6 Rb6 50. Re3 Kd5 51. Re5+ Kd6 52. Re8 Kd7
53. Rh8 Rg6+ 54. Kf1 Ng5 55. f4 Nf7 56. Rh7 Ke8 57. Kf2 Rb6 58. f5 Rxb3 59. Kg2
c4 60. Bf6 c3 61. Rxf7 Kxf7 62. h7 Rb8 63. Bxc3 1-0

[Event "Znojemska Rotunda 2007"]
[Site "?"]
[Date "2007.08.23"]
[Round "7.6"]
[White "Horak, Karel sen"]
[Black "Simecek, Josef"]
[Result "1/2-1/2"]
[WhiteElo "1770"]
[BlackElo "1459"]
[PlyCount "50"]
[EventDate "2007.08.18"]

1. d4 Nf6 2. c4 e6 3. g3 d5 4. Bg2 Bb4+ 5. Bd2 Bxd2+ 6. Qxd2 O-O 7. Nf3 b6 8.
Nc3 Bb7 9. Ne5 Nbd7 10. cxd5 exd5 11. O-O Re8 12. Nd3 Ne4 13. Qc2 Nxc3 14. bxc3
Qe7 15. e3 Nf6 16. Rfe1 Rad8 17. Rab1 Qd6 18. Nf4 Ba6 19. Qf5 Ne4 20. Bxe4 dxe4
21. Qg4 Qd7 22. Qxd7 Rxd7 23. Rb4 c5 24. Rb2 Red8 25. h4 Bc4 1/2-1/2